| 000 | 00650nam a22001937a 4500 | ||
|---|---|---|---|
| 003 | OSt | ||
| 005 | 20220914174333.0 | ||
| 008 | 220914b |||||||| |||| 00| 0 eng d | ||
| 040 | _cBiblioteca Lado V | ||
| 082 |
_a708 _bG154f |
||
| 110 | _aGaleria Luisa Strina | ||
| 245 | _a"Fragmentos e Souvenirs paulistano" VOL.1 | ||
| 260 |
_bGaleria Luisa Strina _c2000 |
||
| 300 |
_a115p. _bContiene Imágenes a color _c18x24cm |
||
| 650 |
_2Tesauro de Arte & Arquitectura _aGALERIA |
||
| 650 |
_2Tesauro de Arte & Arquitectura _aEXPOSICION |
||
| 650 |
_2Tesauro de Arte & Arquitectura _aARTE MODERNO |
||
| 942 |
_2ddc _c1 _h708 _iG154f _n0 |
||
| 999 |
_c2008 _d2008 |
||